[Event "BL2-Ost 0203"]
[Site "Germany"]
[Date "2003.03.09"]
[Round "8.7"]
[White "Braun, Christian"]
[Black "Fischer, Kay"]
[Result "1-0"]
[WhiteElo "2228"]
[BlackElo "2130"]
[PlyCount "51"]
[EventDate "2002.10.20"]
[EventType "team-tourn"]
[EventRounds "9"]
[EventCountry "GER"]
[SourceTitle "EXT 2004"]
[Source "ChessBase"]
[SourceDate "2003.11.25"]
[SourceVersion "1"]
[SourceVersionDate "2003.11.25"]
[SourceQuality "1"]
[WhiteTeam "Wuerzburg"]
[BlackTeam "Erfurt SK II"]
[WhiteTeamCountry "GER"]
[BlackTeamCountry "GER"]

1. d4 e6 2. c4 d5 3. Nc3 c6 4. e3 f5 5. g4 fxg4 6. Qxg4 Nf6 7. Qg2 Na6 8. a3 Nc7 9. Nf3 Bd7 10. Bd3 Qe7 11. e4 dxe4 12. Nxe4 0-0-0 13. Bf4 Nxe4 14. Bxe4 Nd5 15. cxd5 exd5 16. Ne5 dxe4 17. Bg5 Qe8 18. Bxd8 Qxd8 19. 0-0-0 Bf5 20. Nc4 Bg6 21. Qg4+ Kb8 22. Ne5 Qd5 23. Nxg6 hxg6 24. Qxg6 Qc4+ 25. Kb1 Bxa3 26. Qg3+ 1-0

[Event "BL2-Ost 0203"]
[Site "Germany"]
[Date "2002.11.17"]
[Round "2.7"]
[White "Liedtke, Matthias"]
[Black "Fischer, Kay"]
[Result "1-0"]
[WhiteElo "2342"]
[BlackElo "2130"]
[PlyCount "119"]
[EventDate "2002.10.20"]
[EventType "team-tourn"]
[EventRounds "9"]
[EventCountry "GER"]
[SourceTitle "EXT 2004"]
[Source "ChessBase"]
[SourceDate "2003.11.25"]
[SourceVersion "1"]
[SourceVersionDate "2003.11.25"]
[SourceQuality "1"]
[WhiteTeam "Leipzig Gohlis"]
[BlackTeam "Erfurt SK II"]
[WhiteTeamCountry "GER"]
[BlackTeamCountry "GER"]

1. e4 e6 2. d4 d5 3. e5 c5 4. c3 Nc6 5. Nf3 Nge7 6. Bd3 Nf5 7. h4 cxd4 8. Bxf5 exf5 9. cxd4 h6 10. Nc3 Be6 11. Ne2 Qb6 12. Kf1 Be7 13. Nf4 0-0-0 14. h5 Kb8 15. g3 Rc8 16. Kg2 Rc7 17. Bd2 Na5 18. b3 Nc6 19. Rb1 Bb4 20. Bxb4 Nxb4 21. Rb2 Rhc8 22. Qb1 Nc2 23. Rd1 Na3 24. Qd3 Rc3 25. Qe2 Rc2 26. Rxc2 Rxc2 27. Rd2 Rc7 28. Ne1 Nb1 29. Rb2 Nc3 30. Qd3 Ne4 31. Rc2 Rc6 32. f3 Ng5 33. Rxc6 bxc6 34. Qc3 Bc8 35. Ned3 Ne6 36. Nxe6 fxe6 37. Qb4 Qxb4 38. Nxb4 Kc7 39. Nd3 Kd7 40. Kh3 Ke7 41. Nc5 Bd7 42. Nd3 Kf7 43. Nf4 Bc8 44. Kg2 Ke7 45. Kf2 Kd7 46. Ke3 Kc7 47. Nd3 Kd7 48. Kd2 Ke7 49. Nc5 Kf7 50. Kc3 g6 51. g4 fxg4 52. fxg4 gxh5 53. gxh5 Ke7 54. Kb4 Kd8 55. Ka5 Kc7 56. b4 Kd8 57. b5 Kc7 58. a3 Kd8 59. b6 axb6+ 60. Kxb6 1-0

[Event "Thueringen-ch MT"]
[Site "Germany"]
[Date "2002.03.28"]
[Round "3"]
[White "Fischer, Kay"]
[Black "Aepfler, Christian"]
[Result "1/2-1/2"]
[WhiteElo "2154"]
[BlackElo "2275"]
[PlyCount "87"]
[EventDate "2002.03.??"]
[EventType "tourn"]
[EventRounds "9"]
[EventCountry "GER"]
[SourceTitle "EXT 2005"]
[Source "ChessBase"]
[SourceDate "2004.11.15"]
[SourceVersion "1"]
[SourceVersionDate "2004.11.15"]
[SourceQuality "1"]

1. d4 d6 2. e4 Nf6 3. Nc3 e5 4. Nf3 Nbd7 5. Be2 Be7 6. h3 c6 7. dxe5 dxe5 8. Be3 Qa5 9. 0-0 0-0 10. Nd2 Qc7 11. Nb3 Rd8 12. Bg4 Nxg4 13. Qxg4 Nf8 14. Qg3 Ng6 15. Rfd1 Be6 16. Nc5 Rxd1+ 17. Rxd1 Bc8 18. Nd3 b6 19. Ne1 Be6 20. Nf3 f6 21. b3 Rd8 22. Nd4 Bc8 23. Nde2 Rxd1+ 24. Nxd1 Qd8 25. Nec3 f5 26. Qf3 f4 27. Bc1 Ba6 28. Nb2 Bc5 29. Nd3 Bd6 30. Bb2 Bc8 31. Ne1 Qe7 32. Qd3 Be6 33. Nf3 h6 34. Ne2 Qc7 35. Kf1 b5 36. Nd2 a6 37. c4 Bc5 38. cxb5 axb5 39. Nf3 Bd6 40. Qc3 b4 41. Qd3 Bc5 42. Nc1 Bd6 43. Nd2 Kh7 44. Nf3 1/2-1/2

[Event "Thueringen-ch MT"]
[Site "Germany"]
[Date "2002.03.27"]
[Round "1"]
[White "Fischer, Kay"]
[Black "Seidel, Thomas"]
[Result "1/2-1/2"]
[WhiteElo "2154"]
[BlackElo "2043"]
[PlyCount "85"]
[EventDate "2002.03.??"]
[EventType "tourn"]
[EventRounds "9"]
[EventCountry "GER"]
[SourceTitle "EXT 2005"]
[Source "ChessBase"]
[SourceDate "2004.11.15"]
[SourceVersion "1"]
[SourceVersionDate "2004.11.15"]
[SourceQuality "1"]

1. d4 e6 2. e4 d5 3. Nc3 Nf6 4. e5 Nfd7 5. f4 c5 6. Nf3 Nc6 7. Be3 a6 8. Qd2 cxd4 9. Nxd4 Bc5 10. 0-0-0 Bxd4 11. Bxd4 Nxd4 12. Qxd4 Qb6 13. Ne2 Qa5 14. Kb1 Nb8 15. Qd2 Qxd2 16. Rxd2 Nc6 17. Nd4 Nxd4 18. Rxd4 Bd7 19. Be2 0-0 20. c4 Bc6 21. Bf3 dxc4 22. Bxc6 bxc6 23. Rc1 f6 24. exf6 Rxf6 25. Rdxc4 Re8 26. a3 a5 27. g3 e5 28. Re1 Kf7 29. fxe5 Rf2 30. Rf4+ Rxf4 31. gxf4 Ke6 32. Re4 Kf5 33. Rc4 g5 34. fxg5 Kxg5 35. Rc5 Kg4 36. Rxa5 h5 37. Rc5 Kh3 38. e6 h4 39. Rxc6 Kxh2 40. b4 h3 41. b5 Kg3 42. Rc3+ Kg2 43. Rc2+ 1/2-1/2

[Event "Oberliga Ost-A 0102"]
[Site "Germany"]
[Date "2002.03.17"]
[Round "9.5"]
[White "Fischer, Kay"]
[Black "Rudnizki, Sergej"]
[Result "1/2-1/2"]
[WhiteElo "2154"]
[BlackElo "2113"]
[PlyCount "32"]
[EventDate "2001.10.07"]
[EventType "team"]
[EventRounds "11"]
[EventCountry "GER"]
[SourceTitle "EXT 2003"]
[Source "ChessBase"]
[SourceDate "2002.11.25"]
[SourceVersion "1"]
[SourceVersionDate "2002.11.25"]
[SourceQuality "1"]
[WhiteTeam "Erfurt II"]
[BlackTeam "Erfurt Empor"]
[WhiteTeamCountry "GER"]
[BlackTeamCountry "GER"]

1. d4 Nf6 2. Nc3 d5 3. Bg5 Bf5 4. f3 Bg6 5. e3 e6 6. Nh3 c5 7. Qd2 cxd4 8. exd4 a6 9. Nf4 Nbd7 10. Nxg6 hxg6 11. Bd3 Bb4 12. a3 Bd6 13. 0-0-0 b5 14. Ne2 Qb6 15. Bf4 Be7 16. Qc3 a5 1/2-1/2

[Event "Thueringen-ch MT"]
[Site "Finsterbergen"]
[Date "2001.04.12"]
[Round "2"]
[White "Aepfler, Christian"]
[Black "Fischer, Kay"]
[Result "1/2-1/2"]
[WhiteElo "2241"]
[BlackElo "2157"]
[PlyCount "24"]
[EventDate "2001.04.??"]
[EventType "tourn"]
[EventRounds "9"]
[EventCountry "GER"]
[SourceTitle "EXT 2005"]
[Source "ChessBase"]
[SourceDate "2004.11.15"]
[SourceVersion "1"]
[SourceVersionDate "2004.11.15"]
[SourceQuality "1"]

1. e4 c5 2. c3 d5 3. exd5 Qxd5 4. d4 Nc6 5. Be3 cxd4 6. cxd4 e5 7. dxe5 Bb4+ 8. Bd2 Qxe5+ 9. Qe2 Qxe2+ 10. Bxe2 Bxd2+ 11. Nxd2 Nf6 12. Ngf3 0-0 1/2-1/2

[Event "Passau op 8th"]
[Site "Passau"]
[Date "2000.04.22"]
[Round "4"]
[White "Rahn, Manfred"]
[Black "Fischer, Kay"]
[Result "1-0"]
[WhiteElo "1720"]
[BlackElo "2162"]
[PlyCount "97"]
[EventDate "2000.04.21"]
[EventType "swiss"]
[EventRounds "7"]
[EventCountry "GER"]
[SourceTitle "CBM 076 Extra"]
[Source "ChessBase"]
[SourceDate "2000.07.11"]
[SourceVersion "1"]
[SourceVersionDate "2000.07.11"]
[SourceQuality "1"]

1. e4 g6 2. d4 Bg7 3. c3 d6 4. f4 Nf6 5. Bd3 0-0 6. Nf3 c5 7. 0-0 Bg4 8. h3 Bd7 9. f5 Qb6 10. Na3 cxd4 11. Nc4 Qc7 12. fxg6 fxg6 13. cxd4 b5 14. Ne3 Kh8 15. Bd2 Nh5 16. Nd5 Qd8 17. Bg5 Bf6 18. Rc1 Bc6 19. Nxf6 exf6 20. Bh6 Re8 21. d5 Qb6+ 22. Kh2 Bd7 23. g4 Ng7 24. g5 f5 25. Bxg7+ Kxg7 26. exf5 Na6 27. f6+ Kf7 28. Nd4 Nb4 29. Bb1 Re3 30. a3 Rxh3+ 31. Kg2 Rh4 32. Qe1 Rg4+ 33. Kf3 Nxd5 34. Ba2 Rf4+ 35. Kg3 Rg4+ 36. Kh2 Re8 37. Bxd5+ Kf8 38. Ne6+ Bxe6 39. Bxe6 Rxg5 40. Rc8 Rh5+ 41. Bh3 Rhe5 42. Rxe8+ Rxe8 43. Qd2 Kf7 44. Bg2 Re3 45. Qd5+ Kf8 46. Qg5 Qc7 47. Qh6+ Kg8 48. Bd5+ Kh8 49. Qf8# 1-0

[Event "Oberliga Ost-B 9900"]
[Site "Germany"]
[Date "2000.01.30"]
[Round "7.4"]
[White "Fischer, Kay"]
[Black "Gustavsson, Cyrill"]
[Result "0-1"]
[WhiteElo "2162"]
[BlackElo "2191"]
[PlyCount "140"]
[EventDate "1999.10.??"]
[EventType "team"]
[EventRounds "11"]
[EventCountry "GER"]
[SourceTitle "EXT 2002"]
[Source "ChessBase"]
[SourceDate "2001.11.25"]
[SourceVersion "1"]
[SourceVersionDate "2001.11.25"]
[SourceQuality "1"]

1. e4 c5 2. Nf3 Nc6 3. d4 cxd4 4. Nxd4 g6 5. Nc3 Bg7 6. Be3 Nf6 7. Qd2 0-0 8. Be2 d5 9. Nxc6 bxc6 10. Rd1 Qc7 11. exd5 Nxd5 12. Nxd5 cxd5 13. c3 Rb8 14. 0-0 Rd8 15. Rc1 Qa5 16. b3 e5 17. Rfd1 Be6 18. h3 Qa3 19. f4 d4 20. cxd4 exd4 21. Bf2 Qd6 22. Bc4 Bf5 23. Bd3 Bh6 24. Bg3 Bxd3 25. Qxd3 Rb4 26. Rf1 Re8 27. f5 Qd5 28. Rce1 Re3 29. Rxe3 Bxe3+ 30. Kh2 Qb5 31. fxg6 hxg6 32. Rd1 Qxd3 33. Rxd3 Rb5 34. Bd6 Rd5 35. Bb4 f5 36. Kg3 Kf7 37. Kf3 g5 38. Rd1 Ke6 39. Ke2 Ke5 40. Kd3 Rd8 41. Bd2 Rc8 42. Re1 f4 43. Re2 Kd5 44. Re1 a6 45. Rd1 Bxd2 46. Kxd2 Rc3 47. Rf1 Rg3 48. Rf2 Ke4 49. Re2+ Re3 50. Rf2 a5 51. Rf1 Rd3+ 52. Ke2 a4 53. Rb1 Rg3 54. Kf2 axb3 55. axb3 Kd3 56. Rc1 Kd2 57. Rc4 d3 58. h4 gxh4 59. Rxf4 Rg5 60. Rxh4 Rf5+ 61. Kg3 Ke3 62. Rh8 Rg5+ 63. Kh3 Rd5 64. Re8+ Kf2 65. Rf8+ Kg1 66. Ra8 d2 67. Ra1+ d1Q 68. Rxd1+ Rxd1 69. g4 Kf2 70. Kh4 Kf3 0-1

[Event "Oberliga Ost-B 9900"]
[Site "Germany"]
[Date "1999.10.10"]
[Round "1.5"]
[White "Fischer, Kay"]
[Black "Baer, Soeren"]
[Result "1/2-1/2"]
[WhiteElo "2162"]
[BlackElo "2029"]
[PlyCount "29"]
[EventDate "1999.10.??"]
[EventType "team"]
[EventRounds "11"]
[EventCountry "GER"]
[SourceTitle "EXT 2002"]
[Source "ChessBase"]
[SourceDate "2001.11.25"]
[SourceVersion "1"]
[SourceVersionDate "2001.11.25"]
[SourceQuality "1"]

1. e4 b6 2. d4 Bb7 3. Nc3 e6 4. Nf3 Bb4 5. Bd3 Nf6 6. Qe2 d5 7. exd5 Nxd5 8. Bd2 Nxc3 9. bxc3 Be7 10. 0-0 Nd7 11. Be4 Bxe4 12. Qxe4 0-0 13. Ne5 Nxe5 14. Qxe5 Bf6 15. Qe2 1/2-1/2

[Event "Oberliga Ost B 9798"]
[Site "Germany"]
[Date "1998.??.??"]
[Round "?.4"]
[White "Gasthofer, Viktor"]
[Black "Fischer, Kay"]
[Result "1-0"]
[WhiteElo "2350"]
[BlackElo "2160"]
[PlyCount "107"]
[EventDate "1997.09.??"]
[EventType "team"]
[EventRounds "11"]
[EventCountry "GER"]
[SourceTitle "EXT 1999"]
[Source "ChessBase"]
[SourceDate "1998.11.16"]
[SourceVersion "1"]
[SourceVersionDate "1998.11.16"]
[SourceQuality "1"]

1. c4 e6 2. g3 f5 3. Bg2 Nf6 4. Nf3 c6 5. 0-0 d5 6. d4 Be7 7. Qc2 0-0 8. b3 Ne4 9. Nc3 Qe8 10. Ne5 Nd7 11. Nxe4 fxe4 12. Nxd7 Bxd7 13. f3 exf3 14. Bxf3 Rf6 15. Bb2 Qg6 16. Qxg6 Rxg6 17. e4 dxc4 18. bxc4 e5 19. d5 Bd6 20. Kg2 Rf8 21. c5 Bxc5 22. Bxe5 cxd5 23. exd5 Re8 24. Bf4 Ra6 25. Rfd1 Bd6 26. Bxd6 Rxd6 27. Rac1 Re7 28. Rd4 g6 29. h4 Kg7 30. Kf2 Rf7 31. Rf4 Rxf4 32. gxf4 Bf5 33. Ke3 Kf6 34. Rc7 Rd7 35. Rxd7 Bxd7 36. Kd4 b6 37. Be4 Bb5 38. a3 a5 39. Bg2 h6 40. Bh3 Ba4 41. Bc8 Bb3 42. d6 Ba2 43. Bh3 Bb3 44. Bg4 Ba2 45. Bc8 Bb3 46. Bh3 Ba2 47. h5 gxh5 48. f5 Bb3 49. d7 Ke7 50. f6+ Kd8 51. Ke5 Bf7 52. Be6 Bg6 53. a4 h4 54. Kd6 1-0

[Event "Oberliga Ost-B 9596"]
[Site "Germany"]
[Date "1996.??.??"]
[Round "?"]
[White "Bergmann, Andy"]
[Black "Fischer, Kay"]
[Result "1/2-1/2"]
[WhiteElo "2210"]
[BlackElo "2140"]
[PlyCount "20"]
[EventDate "1995.10.??"]
[EventType "team"]
[EventRounds "10"]
[EventCountry "GER"]
[SourceTitle "EXT 1998"]
[Source "ChessBase"]
[SourceDate "1997.11.17"]
[SourceVersion "1"]
[SourceVersionDate "1997.11.17"]
[SourceQuality "1"]

1. d4 Nf6 2. Nf3 d5 3. Bf4 e6 4. e3 Bd6 5. Bxd6 Qxd6 6. c4 Qb4+ 7. Qd2 Qxd2+ 8. Nbxd2 0-0 9. Rc1 c6 10. Bd3 Nbd7 1/2-1/2

[Event "Bundesliga 9697"]
[Site "Germany"]
[Date "1996.??.??"]
[Round "?.8"]
[White "Heinatz, Thomas"]
[Black "Fischer, Kay"]
[Result "0-1"]
[WhiteElo "2380"]
[BlackElo "2150"]
[PlyCount "76"]
[EventDate "1996.10.12"]
[EventType "team-tourn"]
[EventRounds "15"]
[EventCountry "GER"]
[SourceTitle "GER-chT"]
[Source "ChessBase"]
[SourceDate "1999.07.01"]
[SourceVersion "1"]
[SourceVersionDate "1999.07.01"]
[SourceQuality "1"]
[WhiteTeam "Dresden"]
[BlackTeam "Erfurt"]
[WhiteTeamCountry "GER"]
[BlackTeamCountry "GER"]

1. e4 e6 2. d4 d5 3. Nc3 Nf6 4. Bg5 Bb4 5. e5 h6 6. Be3 Ne4 7. a3 Bxc3+ 8. bxc3 c5 9. dxc5 Nc6 10. Bd3 Qa5 11. Ne2 Nxc5 12. f4 b6 13. 0-0 Ba6 14. Nd4 Nxd4 15. Bxd4 g6 16. Qf3 Bxd3 17. cxd3 Nb3 18. Ra2 Nxd4 19. cxd4 Rc8 20. g4 h5 21. h3 hxg4 22. hxg4 Qa4 23. Qf2 Kd7 24. Kg2 Rc3 25. Rd2 Kc7 26. f5 gxf5 27. gxf5 Rh7 28. f6 Rh6 29. Rg1 Rg6+ 30. Kf3 Rxg1 31. Qxg1 Kb7 32. Qg8 Rc7 33. Qf8 Qxd4 34. Qd6 Rc1 35. Ke2 Qg4+ 36. Kf2 Qg1+ 37. Ke2 Qe1+ 38. Kf3 Qxd2 0-1

[Event "Oberliga Ost-B 9596"]
[Site "Germany"]
[Date "1996.??.??"]
[Round "?"]
[White "Schreiter, Thomas"]
[Black "Fischer, Kay"]
[Result "1/2-1/2"]
[WhiteElo "2130"]
[BlackElo "2140"]
[PlyCount "99"]
[EventDate "1995.10.??"]
[EventType "team"]
[EventRounds "10"]
[EventCountry "GER"]
[SourceTitle "EXT 1998"]
[Source "ChessBase"]
[SourceDate "1997.11.17"]
[SourceVersion "1"]
[SourceVersionDate "1997.11.17"]
[SourceQuality "1"]

1. d4 Nf6 2. c4 g6 3. g3 Bg7 4. Bg2 d6 5. Nf3 0-0 6. 0-0 Nbd7 7. Nc3 e5 8. e4 Re8 9. Re1 c6 10. h3 Qa5 11. Be3 exd4 12. Nxd4 Nc5 13. Nb3 Nxb3 14. axb3 Qc7 15. Bxa7 Be6 16. Be3 Nd7 17. Qc2 Nc5 18. f4 Qb6 19. f5 Rxa1 20. Rxa1 Bxf5 21. b4 Qxb4 22. exf5 Rxe3 23. Ra8+ Bf8 24. Qd2 Rxg3 25. Qxd6 Rxg2+ 26. Kxg2 Qxb2+ 27. Kf1 Qa1+ 28. Rxa1 Bxd6 29. Ke2 Be5 30. Ra8+ Kg7 31. Nd1 gxf5 32. Ne3 Ne6 33. Nxf5+ Kf6 34. Ne3 Nf4+ 35. Kf3 Nxh3 36. Ng4+ Kf5 37. Ne3+ Kg6 38. Rg8+ Bg7 39. Rb8 Ng5+ 40. Kg2 b5 41. cxb5 cxb5 42. Rxb5 Ne6 43. Kg3 h5 44. Nf5 Bf6 45. Ra5 Bd8 46. Rd5 Bc7+ 47. Kh4 Nf4 48. Rb5 f6 49. Ne7+ Kf7 50. Nd5 1/2-1/2